Normal view MARC view
  • Chen, Shu-Heng,

Entry Personal Name

Number of records used in: 1

001 - CONTROL NUMBER

  • control field: 152734

003 - CONTROL NUMBER IDENTIFIER

  • control field: DLC

005 - DATE AND TIME OF LATEST TRANSACTION

  • control field: 20260226115806.0

008 - FIXED-LENGTH DATA ELEMENTS

  • fixed length control field: 020328n| azannaabn |n aaa

010 ## - LIBRARY OF CONGRESS CONTROL NUMBER

  • LC control number: n 2002098430

035 ## - SYSTEM CONTROL NUMBER

  • System control number: (OCoLC)oca05725567

040 ## - CATALOGING SOURCE

  • Original cataloging agency: DLC
  • Language of cataloging: eng
  • Description conventions: rda
  • Transcribing agency: DLC
  • Modifying agency: OClW
  • Modifying agency: DLC
  • Modifying agency: CSt-Law

046 ## - SPECIAL CODED DATES

  • Birth date: 1959-11-25
  • Source of date scheme: edtf

100 1# - HEADING--PERSONAL NAME

  • Personal name: Chen, Shu-Heng,
  • Dates associated with a name: 1959-

373 ## - ASSOCIATED GROUP

  • Associated group: Guo li zheng zhi da xue
  • Source of term: naf

670 ## - SOURCE DATA FOUND

  • Source citation: Evolutionary computation in economics and finance, 2002:
  • Information found: CIP t.p. (Shu-Heng Chen) data sheet (b. Nov. 25, 1959)

670 ## - SOURCE DATA FOUND

  • Source citation: Computational intelligence in economics and finance, c2004:
  • Information found: t.p. (Shu-Heng Chen) p. xix (AI-ECON Research Center, Dept. of Economics, National Chengchi Univ., Taipei, Taiwan)
Devinim Yazılım Eğitim Danışmanlık tarafından Koha'nın orjinal sürümü uyarlanarak geliştirilip kurulmuştur.